Preußens Musenstädte

Titel: Preußens Musenstädte : Lehre - Forschung - Politik an preußischen Universitäten vom 16. bis zum 19. Jh. Eine Ausstellung des Geheimen Staatsarchivs Preußscher Kulturbesitz
Verfasser:
In: Stiftung Preußischer Kulturbesitz: Jahrbuch Preußischer Kulturbesitz ..., Band 46 (2010), Seite 366-388, Abb.
alle Artikel anzeigen
Veröffentlicht: 2010 [2011]
Format: Aufsatz
Sprache: Deutsch
Kein Bild verfügbar
X
alg: 39261837
001A    $01999:11-11-16 
001B    $01999:21-05-21 $t16:52:31.000 
001C    $06050:19-11-16 $t08:33:06.000 
001D    $01999:11-11-16 
001U    $0utf8 
001X    $00 
002@    $0Aox 
003@    $0392618370 
007A    $0392618370 $aHEB 
007T    $0Herdc0079782m 
010@    $ager 
011@    $a2010 $n2010 [2011] 
021A    $aPreußens Musenstädte $dLehre - Forschung - Politik an preußischen Universitäten vom 16. bis zum 19. Jh. Eine Ausstellung des Geheimen Staatsarchivs Preußscher Kulturbesitz 
028A    $aSchnelling-Reinicke $dIngeborg 
031A    $d46 $h366-388, Abb. $j2010 
039B    $aIn $8--Abvc--Stiftung Preußischer Kulturbesitz [Tb1]. Jahrbuch Preußischer Kulturbesitz .... - Berlin : Mann, 1963-[2016]. - ISSN 0342-0124 $x201000000460000634 $9046848940 
045F    $a069.094382 $eDDC23BSB 
045F/01 $a069 
045F/03 $g4382 
045F/03 $g43832 
045T    $a24 

lok: 39261837 78

exp: 39261837 78 1 #EPN
201B/01 $019-04-17 $t11:25:12.000 
201U/01 $0utf8 
203@/01 $0788717057 
208@/01 $a11-11-16 $be 
209A/01 $a/ $f000 $x00 
220C/01 $aTitelaufnehmer: pg 
220C/01 $aHerkunft: HI Marburg 
220C/01 $aAnmerkung: *NG 
244Z/01 $2Trx $#Prusy Wschodnie i Zachodnie $8--Trx--Ost- und Westpreußen $x01 $939113373X 
244Z/01 $aGeschichte 1500-1900 $x02 
244Z/01 $2Trx $#näitused $#parodos bendras $#exhibitions $#kiállitások általános $#wystawy ogólnie $#výstavy všeobecne $#výstavy všeobecné $8--Trx--Ausstellungen$gallgemein $x03 $9391356704 
244Z/01 $2Trx $#ülikoolid $#universitetai $#universitāte $#Universities $#egyetemek $#uniwersytety $#univerzity $#univerzity $#Hochschulen $#vysoké školy $8--Trx--Universitäten $x04 $9391373862 
244Z/01 $2Trx $8--Trx--Zeitschriftenaufsatz $x05 $9391384341 
245Z/01 $a11.13 $x01 
247C/01 $82080>Marburg/Lahn, Herder-Institut, Forschungsbibliothek, Bibliographieportal $9336309341
LEADER 00000caa a22000002c 4500
001 392618370
003 DE-603
005 20210521165231.0
007 tu
008 161111s2010 xx |||| | u00||u|ger c
035 |a (DE-599)HEB392618370 
040 |a DE-603  |b ger  |c DE-603  |d DE-603 
041 |a ger 
082 0 4 |8 1\u  |a 069.094382  |q DE-101  |2 23/BSB 
084 |a 24  |2 ssgn 
085 |8 1\u  |b 069 
085 |8 1\u  |z 2  |s 4382 
085 |8 1\u  |z 2  |s 43832 
100 1 |a Schnelling-Reinicke, Ingeborg 
245 0 0 |a Preußens Musenstädte  |b Lehre - Forschung - Politik an preußischen Universitäten vom 16. bis zum 19. Jh. Eine Ausstellung des Geheimen Staatsarchivs Preußscher Kulturbesitz 
264 0 |c 2010 [2011] 
773 0 8 |i In  |a Stiftung Preußischer Kulturbesitz  |t Jahrbuch Preußischer Kulturbesitz ...  |d Berlin : Mann, 1963-[2016]  |h 24 cm  |x 0342-0124  |g Band 46 (2010), Seite 366-388, Abb.  |w (DE-603)046848940  |w (DE-600)3758-8 
924 0 |9 2080  |a (DE-603)788717057  |b DE-2080  |c HES  |d d  |g /